Základy ekonometrie

Gespeichert in:
Bibliographische Detailangaben
1. Verfasser: Hušek, Roman
Körperschaft: Vysoká škola ekonomická v Praze. Fakulta řízení
Format: Buch
Sprache:Tschechisch
Veröffentlicht: Praha Státní pedagogické nakladatelství 1986
Tags: Tag hinzufügen
Keine Tags, Fügen Sie das erste Tag hinzu!

MARC

LEADER 00000nam a2200000 4500
001 c105115
005 20190423104230.0
041 0 |a cze 
044 |a CZ 
245 1 0 |a Základy ekonometrie  |c Roman Hušek 
264 1 |a Praha  |b Státní pedagogické nakladatelství  |c 1986 
300 |a 219 s. 
100 1 |a Hušek, Roman 
710 2 |a Vysoká škola ekonomická v Praze. Fakulta řízení